Milwaukee Bucks Roster 2019-2020 - Statistics

General Stats
  • This quiz has been taken 88 times
    58 since last reset
  • The average score is 12 of 17
Answer Stats
Position Number Answer % Correct
PF 34 Giannis Antetokounmpo
100%
C 11 Brook Lopez
95%
C 42 Robin Lopez
95%
PG 6 Eric Bledsoe
91%
SF 22 Khris Middleton
91%
SF 43 Thanasis Antetokounmpo
89%
SG 9 Wesley Matthews
75%
SG 0 Donte Divincenzo
73%
SG 24 Pat Connaughton
73%
PG 3 George Hill
70%
PF 7 Ersan Ilyasova
66%
PF 5 DJ Wilson
61%
SG 23 Sterling Brown
61%
SG 26 Kyle Korver
57%
PF 20 Marvin Williams
45%
PG 15 Frank Mason III
39%
SG 13 Cameron Reynolds
23%
No matching quizzes found
Score Distribution
Percent of People with Each Score
Percentile by Number Answered
Your Score History
You have not taken this quiz since the last reset